=LDR 00000nam 2200000 4500 =001 NUTBA000000000006349 =005 20141204144108.0 =006 =007 =008 =020 ##$$a 918-979-29-1257-9 =035 ##$$0010-121400000000073 =040 ##$$a NBPDMAT =082 ##$$a 362.1 =090 ##$$a 362.1 $b Lio b =100 ##$$a Lioni Ellis H =245 ##$$a Berpacu melawan usia : $b rahasia awet muda tanpa obat dan kosmetika / $c Lioni Ellis H =260 ##$$a Yogyakarta : $b Andi, $c 2012 =300 ##$$a 101 hlm. ; $c 20 cm. =650 ##$$a Perawatan kesehatan =990 ##$$a 0001/BPAP-NTB/20142015